Sports Quiz

Random Sports or NBA Quiz
Score 0/158 Timer 10:00
26 Plays Today
Year Player % Correct
2016 (GSW)Stephen Curry
99%
2017 (GSW)Stephen Curry
98.9%
2012 (MIA)LeBron James
98.9%
2011 (MIA)LeBron James
98.9%
2018 (GSW)Stephen Curry
98.9%
2019 (GSW)Stephen Curry
98.8%
2013 (MIA)LeBron James
98.8%
2013 (OKC)Kevin Durant
98.7%
2016 (OKC)Kevin Durant
98.5%
2017 (GSW)Kevin Durant
98.3%
2018 (GSW)Kevin Durant
98.3%
2019 (GSW)Kevin Durant
98.2%
2012 (MIA)Dwyane Wade
97.8%
2011 (MIA)Dwyane Wade
97.8%
2005 (MIA)Dwyane Wade
97.8%
2013 (MIA)Dwyane Wade
97.7%
2005 (MIA)Shaquille O'Neal
97.5%
2004 (LAL)Shaquille O'Neal
97.5%
2003 (LAL)Shaquille O'Neal
97.5%
2002 (LAL)Shaquille O'Neal
97.5%
2001 (LAL)Shaquille O'Neal
97.5%
1996 (ORL)Shaquille O'Neal
97.5%
1995 (ORL)Shaquille O'Neal
97.5%
2013 (OKC)Russell Westbrook
97.5%
1998 (CHI)Michael Jordan
97.4%
1996 (CHI)Michael Jordan
97.4%
1992 (CHI)Michael Jordan
97.4%
2004 (LAL)Kobe Bryant
97.4%
2003 (LAL)Kobe Bryant
97.4%
2002 (LAL)Kobe Bryant
97.4%
2001 (LAL)Kobe Bryant
97.4%
2016 (OKC)Russell Westbrook
97.2%
2019 (OKC)Russell Westbrook
96.8%
2008 (SAS)Tim Duncan
96.8%
2006 (SAS)Tim Duncan
96.8%
2001 (SAS)Tim Duncan
96.8%
1998 (SAS)Tim Duncan
96.8%
2013 (SAS)Tim Duncan
96.6%
1973 (LAL)Jerry West
96.2%
1972 (LAL)Jerry West
96.2%
2010 (PHX)Steve Nash
95.9%
2008 (PHX)Steve Nash
95.9%
2006 (PHX)Steve Nash
95.9%
2005 (PHX)Steve Nash
95.9%
1998 (CHI)Scottie Pippen
95.6%
1996 (CHI)Scottie Pippen
95.6%
1992 (CHI)Scottie Pippen
95.6%
2006 (SAS)Tony Parker
95.1%
2013 (SAS)Tony Parker
94.9%
2014 (LAC)Chris Paul
94.2%
2014 (LAC)Blake Griffin
93.4%
2015 (LAC)Chris Paul
93.2%
1986 (LAL)Magic Johnson
92.4%
Year Player % Correct
1985 (LAL)Magic Johnson
92.4%
1984 (LAL)Magic Johnson
92.4%
1983 (LAL)Magic Johnson
92.4%
1982 (LAL)Magic Johnson
92.4%
2015 (LAC)Blake Griffin
92.2%
2004 (MIN)Kevin Garnett
92%
1995 (UTA)Karl Malone
91.9%
1993 (UTA)Karl Malone
91.9%
1990 (UTA)Karl Malone
91.9%
1989 (UTA)Karl Malone
91.9%
1988 (UTA)Karl Malone
91.9%
1989 (PHX)Kevin Johnson
91.8%
1980 (SEA)Dennis Johnson
91.8%
1986 (PHI)Moses Malone
91.7%
1984 (PHI)Moses Malone
91.7%
1983 (PHI)Moses Malone
91.7%
1987 (BOS)Larry Bird
91.1%
1982 (BOS)Larry Bird
91.1%
1981 (BOS)Larry Bird
91.1%
1980 (BOS)Larry Bird
91.1%
1995 (UTA)John Stockton
90.5%
1993 (UTA)John Stockton
90.5%
1990 (UTA)John Stockton
90.5%
1989 (UTA)John Stockton
90.5%
1988 (UTA)John Stockton
90.5%
2001 (SAS)David Robinson
89.8%
1998 (SAS)David Robinson
89.8%
2016 (GSW)Draymond Green
89.1%
2019 (OKC)Paul George
87.9%
1986 (LAL)Kareem Abdul-Jabbar
87.7%
1985 (LAL)Kareem Abdul-Jabbar
87.7%
1984 (LAL)Kareem Abdul-Jabbar
87.7%
1983 (LAL)Kareem Abdul-Jabbar
87.7%
1982 (LAL)Kareem Abdul-Jabbar
87.7%
1981 (LAL)Kareem Abdul-Jabbar
87.7%
1971 (MIL)Kareem Abdul-Jabbar
87.7%
2010 (PHX)Amar'e Stoudemire
84.7%
2008 (PHX)Amar'e Stoudemire
84.7%
2005 (PHX)Amar'e Stoudemire
84.7%
2008 (SAS)Manu Ginobili
84.6%
1998 (SEA)Gary Payton
84.3%
1996 (SEA)Gary Payton
84.3%
1994 (SEA)Gary Payton
84.3%
1996 (ORL)Anfernee Hardaway
80.4%
1995 (ORL)Anfernee Hardaway
80.4%
1992 (GSW)Tim Hardaway
80.3%
1996 (SEA)Shawn Kemp
80.2%
1994 (SEA)Shawn Kemp
80.2%
1987 (BOS)Kevin McHale
77.5%
1991 (POR)Clyde Drexler
75.1%
1986 (PHI)Charles Barkley
70.9%
1984 (PHI)Julius Erving
70.4%
1983 (PHI)Julius Erving
70.4%
Year Player % Correct
1973 (LAL)Wilt Chamberlain
70.3%
1972 (LAL)Wilt Chamberlain
70.3%
2006 (PHX)Shawn Marion
66.2%
1982 (BOS)Robert Parish
64.9%
1981 (BOS)Robert Parish
64.9%
1971 (MIL)Oscar Robertson
64.7%
1978 (POR)Bill Walton
62.1%
1977 (POR)Bill Walton
62.1%
1992 (GSW)Chris Mullin
60.3%
1983 (SAS)George Gervin
59.7%
1975 (BOS)John Havlicek
58.7%
1974 (BOS)John Havlicek
58.7%
1973 (BOS)John Havlicek
58.7%
1993 (CLE)Mark Price
55.9%
1970 (NYK)Willis Reed
52.1%
1970 (NYK)Walt Frazier
50.4%
1976 (GSW)Rick Barry
49.5%
1974 (GSW)Rick Barry
49.5%
2004 (MIN)Sam Cassell
47.9%
1975 (WSB)Wes Unseld
46.1%
1979 (WSB)Elvin Hayes
40.1%
1975 (WSB)Elvin Hayes
40.1%
1976 (WSB)Elvn Hayes
40.1%
1997 (CHA)Glen Rice
38.9%
1993 (CLE)Brad Daugherty
38.7%
1991 (POR)Terry Porter
37.7%
1975 (BOS)Dave Cowens
37.6%
1974 (BOS)Dave Cowens
37.6%
1973 (BOS)Dave Cowens
37.6%
1989 (PHX)Tom Chambers
32.6%
1981 (BOS)Tiny Archibald
32.6%
1980 (BOS)Tiny Archibald
32.6%
1975 (KCO)Tiny Archibald
32.6%
1985 (MIL)Sidney Moncrief
30.2%
1982 (SEA)Gus Williams
27.3%
1980 (SEA)Gus Williams
27.3%
1978 (PHX)Walter Davis
26.2%
1976 (GSW)Phil Smith
24.5%
1982 (SEA)Jack Sikma
23.9%
1978 (POR)Maurice Lucas
19.2%
1977 (POR)Maurice Lucas
19.2%
1998 (SEA)Vin Baker
19%
1985 (MIL)Terry Cummings
18.8%
1974 (GSW)Nate Thurmond
17%
1981 (LAL)Jamaal Wilkes
16.4%
1983 (SAS)Artis Gilmore
15.6%
1978 (PHX)Paul Westphal
13.9%
1997 (CHA)Anthony Mason
11.6%
1979 (WSB)Bob Dandridge
11.2%
1976 (WSB)Dave Bing
9.2%
1975 (WSB)Phil Chenier
4.8%
1975 (KCO)Sam Lacey
3.5%

You're not logged in!

Compare scores with friends on all Sporcle quizzes.
OR
Log In

Sporcle TV

Today on Sporcle TV


Watch our educational content, quiz creation guides, and fun videos on Sporcle TV.

Show Comments

Extras

Top Quizzes Today


Score Distribution

Paid Content

Your Account Isn't Verified!

In order to create a playlist on Sporcle, you need to verify the email address you used during registration. Go to your Sporcle Settings to finish the process.

Report this User

Report this user for behavior that violates our Community Guidelines.

Details: